000 00971cas a2200313 a 4500
008 870716c19869999ja ar 0 0jpnr
010 _a 87648831
040 _aEG-GiCUC
_bjap
_cEG-GiCUC
041 0 _ajpn
_beng
043 _aaw-----
_aa-ja---
050 0 0 _aDS41
_b.N63
092 _a370.952
_bT3748
_221
099 _a\\
_a370.952 T3748
245 0 0 _athe way of writing for elementary school=
_b 小学校のための執筆方法
246 3 0 _alearning penmaship
246 3 0 _a小学校のための執筆方法
260 _amitsu mura tosho :
_b1987-
300 _av. ;
_c25 cm.
310 _aAnnual
362 0 _aNo. 1 (1987)-
500 _aTitle from cover.
650 0 _aeducation
_xStudy and teaching
_zJapan
_vPeriodicals.
651 0 _ajapan
_vPeriodicals.
710 2 _amitsu mura tosho.
905 _aSozan
_eCat.
905 _eRev.
942 _2ddc
_cBK
999 _c150188
_d150188